000 00754nam a22001937a 4500
003 OSt
005 20260226034916.0
008 260226b |||||||| |||| 00| 0 eng d
040 _aDWCL GS library
_cOC
082 _aFic. D621m 2008
100 _aDixon, Franklin W.
245 _athe hard boys mystery stories 13
_bthe mark on the door
_cFranklin W. Dixon
260 _aNew York
_bGrosset & Dunlap
_cc1934
300 _a175
_billustrations
_c19cm
520 _aThe search for a stolen boat leads the Hardy brothers to Mexico where they become involved with a band of Indians and a strange smuggling operation.
546 _aEnglish
700 _aFranklin W. Dixon
942 _2ddc
_cFIC.
_hFic. D621m 2008
_n0
999 _c8557
_d8557